000 00588nam a2200193 i 4500
001 94673
003 ES-MaACL
005 20230906181530.0
007 t|
008 050511s1953 sp ||||1| spa d
100 1 _aLoynaz, Dulce María.
_974401
245 1 0 _aCarta de amor a Tut-Ank-Amen /
_cDulce María Loynaz.
260 _aMadrid :
_b[s.n.],
_c1953 (
_fNueva Imprenta Radio)
300 _a14 p. :
_bil. ;
_c17 cm.
490 1 _aPalma. Serie americana ;
_v2
830 0 _aPalma. Serie americana ;
_v2
_9184330
852 _aES-MaACL
_j1968-F-7
_bR.35547
999 _c94673
_d94673